=LDR 00000nam 2200000 4500 =001 INLIS000000000018322 =005 20130612113511 =008 ***********************************Ind** =035 ##$$0010-061300000018322 =041 ##$$a Ind =082 ##$$a 633.71 =090 ##$$a 633.71, Sud t =100 ##$$a Sudarmo, Subiyakto =245 ##$$a Tembakau, pengendalian hama dan penyakit, Subyakto Sudarmo =260 ##$$a 1992 $b Yogyakarta =300 ##$$a 78 hlm, ilus, 21 cm =650 ##$$a Tembakau =850 ##$$a NBPNMAT